000
00229nam a22001217a 4500
040
_c
SY
082
_a
332
100
_a
SIEM MONILEAK
245
_a
Financial accouning
260
_a
NA
_b
SIE
_c
1996
300
_a
128p.
942
_c
KB
999
_c
9843
_d
9843